000 00413nam a2200181Ia 4500
005 20240708055357.0
008 240331s9999 xx 000 0 und d
020 _a0415920981
082 _a070.4
_bMOE
100 _aMoeller, S.D
245 0 _aCompassion fatigue
260 _aNew York
_bRoutledge
_c1999
300 _aviii, 390 p .,
650 _aFamine
650 _awar
650 _aJournalisum
942 _cL
999 _c649
_d649